| 000 | 00766nmc a2200277 a 4500 | ||
|---|---|---|---|
| 003 | AR-BaBNM | ||
| 005 | 20251128203735.0 | ||
| 008 | 056119s1973 ||||||||||||||000 | spa|| | ||
| 020 | _a950-13-2226-0 | ||
| 040 | _cAR-BaBNM | ||
| 100 | 1 |
_aRuiz, Juan _cArcipreste de Hita |
|
| 245 | 1 | 0 | _aLibro de buen amor |
| 260 |
_aBuenos Aires _bKapelusz _c1973 |
||
| 300 | 0 | _a266 p. | |
| 490 | 0 |
_aGrandes obras de la literatura universal _vv. 85 |
|
| 500 | 0 | _aContiene estudio preliminar y notas en p. 8-31 | |
| 521 | _aSECUNDARIO | ||
| 650 | 4 | _aLITERATURA ESPANOLA | |
| 650 | 4 | _aEDAD MEDIA | |
| 650 | 4 | _aANALISIS LITERARIO | |
| 653 | _aMESTER DE CLERECIA | ||
| 655 | _aLITERATURA | ||
| 700 | 1 |
_aCharrière, Lilia de _eprologuista |
|
| 942 | _cBK | ||
| 998 | _cisola | ||
| 999 |
_c4733 _d4733 |
||